000 00699nam a22002531 4500
001 35495
003 BD-RjUL
005 20211209052331.0
008 761005s1960 nyu 001 0 eng d
035 _a(BD-RjUL)35589
035 _a(OCoLC)2481507
040 _aDLC
_cOTU
_dDLC
_dBD-RjUL
_beng
041 _aeng
082 _a304.6
_bCHW 1960
100 1 _aChen, Kuan-I,
_d1926-
_9107999
245 1 0 _aWorld population growth and living standards /
_c Kuan-I Chen.
260 _aNew York :
_bBookman Associates,
_c1960.
300 _a96 p. ;
_c23 cm.
504 _aIncludes bibliography.
650 0 _aPopulation.
_9108073
942 _2ddc
_cBK
999 _c35495
_d35495